Oeuvres completes de H. de Balzac
-д хадгалсан:
| Үндсэн зохиолч: | |
|---|---|
| Формат: | Ном |
| Хэл сонгох: | франц |
| Хэвлэсэн: |
París
Alexandre Houssiaux
1874
|
| Хэвлэл: | 1a. ed |
| Нөхцлүүд: | |
| Шошгууд: |
Шошго нэмэх
Шошго байхгүй, Энэхүү баримтыг шошголох эхний хүн болох!
|
MARC
| LEADER | 00000cam a2200000 a 4500 | ||
|---|---|---|---|
| 001 | UCE0717 | ||
| 003 | CL-VaPUC | ||
| 008 | 140227e18740000fr |||||||||||||||||fre|d | ||
| 082 | 0 | 4 | |a 843 |b BAL |2 21 |
| 100 | |a Balzac, Honoré de |e author |9 265437 | ||
| 245 | 1 | 0 | |a Oeuvres completes de H. de Balzac |
| 250 | |a 1a. ed | ||
| 300 | |a v | ||
| 942 | |c BK | ||
| 945 | |d 20140227 11:27:00 |a dcastane | ||
| 260 | |a París |b Alexandre Houssiaux |c 1874 | ||
| 500 | |a v.2 p.1: La comédie humaine. Etudes de Moeurs, troisieme livre | ||
| 650 | 0 | |a Novela francesa |9 264985 | |
| 650 | 0 | |a Literatura francesa |9 266330 | |
| 583 | |a last modification |c 20140227 11:27:00 |k Rodrigo Vera | ||
| 999 | |c 354768 |d 354766 | ||
| 952 | |0 0 |1 0 |3 erd |4 0 |6 843_000000000000000_BAL_1874 |7 0 |8 X |9 460925 |a FDOBUD |b FDOBUD |h v.2 |i 5034744 |o 843 BAL 1874 |p 5034744 |r 2019-11-23 |w 2019-11-23 |y BK_X |z Catalogado en:20140227 |k BUD | ||